[Event "Minsk Inautomarket op"]
[Site "Minsk"]
[Date "2005.07.11"]
[Round "2"]
[White "Maiorov, Nikita"]
[Black "Chekurov, Vyacheslav"]
[Result "1-0"]
[WhiteElo "2453"]
[BlackElo "2324"]
[PlyCount "77"]
[EventDate "2005.07.06"]
[EventType "swiss"]
[EventRounds "9"]
[EventCountry "BLR"]
[SourceTitle "CBM 107 Extra"]
[Source "ChessBase"]
[SourceDate "2005.09.01"]
[SourceVersion "1"]
[SourceVersionDate "2005.09.01"]
[SourceQuality "1"]

1. d4 d5 2. c4 c6 3. Nc3 Nf6 4. e3 a6 5. Qc2 g6 6. Nf3 Bg7 7. Bd2 0-0 8. Rc1 b5 9. cxb5 cxb5 10. Ne5 Bb7 11. Be2 Nbd7 12. Nd3 Ne4 13. 0-0 Re8 14. f4 Nb6 15. b3 e6 16. Qb2 Rc8 17. Rfd1 Nd7 18. Be1 Bf8 19. Nxe4 dxe4 20. Nc5 Nxc5 21. dxc5 Qc7 22. b4 e5 23. g3 exf4 24. gxf4 Re6 25. Bc3 Qe7 26. Kh1 Qh4 27. Rg1 Bh6 28. Bg4 Bd5 29. Bxe6 Bxe6 30. Qg2 Bf5 31. Rcd1 Rd8 32. Rxd8+ Qxd8 33. Qd2 Qd3 34. Rd1 Bf8 35. Ba1 Be7 36. Kg2 h5 37. h3 Qa3 38. Qd8+ Bxd8 39. Rxd8+ 1-0

[Event "RUS-Cup"]
[Site "Minsk"]
[Date "2000.??.??"]
[Round "6"]
[White "Konstantinov, Mikhail"]
[Black "Chekurov, Vyacheslav"]
[Result "1/2-1/2"]
[WhiteElo "2235"]
[BlackElo "2368"]
[PlyCount "32"]
[EventDate "2000.??.??"]
[EventType "swiss"]
[EventRounds "9"]
[EventCountry "BLR"]
[SourceTitle "EXT 2001"]
[Source "ChessBase"]
[SourceDate "2000.11.22"]
[SourceVersion "1"]
[SourceVersionDate "2000.11.22"]
[SourceQuality "1"]

1. e4 c5 2. Nf3 e6 3. d4 cxd4 4. Nxd4 a6 5. Nc3 b5 6. g3 Bb7 7. Bg2 Nf6 8. a3 Qc7 9. 0-0 d6 10. g4 h6 11. f4 Nc6 12. Nxc6 Bxc6 13. Qe2 Be7 14. h3 g6 15. Be3 Rc8 16. Rad1 Bb7 1/2-1/2

[Event "Ostrava IM"]
[Site "Ostrava"]
[Date "1998.??.??"]
[Round "?"]
[White "Chekurov, Vyacheslav"]
[Black "Korneevets, Alexander"]
[Result "1/2-1/2"]
[WhiteElo "2405"]
[BlackElo "2410"]
[PlyCount "22"]
[EventDate "1998.??.??"]
[EventType "tourn"]
[EventRounds "9"]
[EventCountry "CZE"]
[SourceTitle "EXT 2000"]
[Source "ChessBase"]
[SourceDate "1999.11.16"]
[SourceVersion "1"]
[SourceVersionDate "1999.11.16"]
[SourceQuality "1"]

1. d4 Nf6 2. c4 e6 3. Nf3 b6 4. a3 Bb7 5. Nc3 Be7 6. Bg5 d5 7. e3 Nbd7 8. Rc1 0-0 9. Bd3 c5 10. cxd5 exd5 11. 0-0 h6 1/2-1/2

[Event "Minsk op"]
[Site "Minsk"]
[Date "1996.??.??"]
[Round "2"]
[White "Chekurov, Vyacheslav"]
[Black "Balashov, Yuri S"]
[Result "0-1"]
[WhiteElo "2330"]
[BlackElo "2480"]
[PlyCount "96"]
[EventDate "1996.??.??"]
[EventType "swiss"]
[EventRounds "9"]
[EventCountry "BLR"]
[SourceTitle "EXT 2000"]
[Source "ChessBase"]
[SourceDate "1999.11.16"]
[SourceVersion "1"]
[SourceVersionDate "1999.11.16"]
[SourceQuality "1"]

1. e4 g6 2. d4 Bg7 3. Nc3 d6 4. g3 Nc6 5. Be3 Nf6 6. h3 0-0 7. Bg2 e5 8. Nge2 b6 9. 0-0 Bb7 10. f4 Ba6 11. Rf2 Re8 12. fxe5 dxe5 13. d5 Nb8 14. Qd2 Qd6 15. g4 Rf8 16. Ng3 Ne8 17. Bf1 Bxf1 18. Raxf1 a6 19. h4 Nd7 20. h5 Qe7 21. Rg2 Nd6 22. b3 f6 23. hxg6 hxg6 24. Rh2 Nf7 25. Nd1 Ng5 26. Qg2 Rf7 27. Nf2 Nf8 28. Nd3 Nfh7 29. c4 Qd7 30. Qe2 Bf8 31. Kg2 a5 32. Rhh1 Bd6 33. c5 bxc5 34. Nxc5 Bxc5 35. Bxc5 c6 36. Rd1 cxd5 37. Rxd5 Qb7 38. Qd3 Ne6 39. Be3 Nhg5 40. Ne2 Kg7 41. Nc3 Rc8 42. Nb5 Qa6 43. Kg3 Re7 44. Bxg5 Nxg5 45. a4 Qc6 46. Nd6 Rb8 47. Qe3 Rb4 48. Nc4 Rxb3 0-1

[Event "Minsk op"]
[Site "Minsk"]
[Date "1996.??.??"]
[Round "9"]
[White "Chekurov, Vyacheslav"]
[Black "Basirov, Rinat"]
[Result "1-0"]
[WhiteElo "2330"]
[BlackElo "2460"]
[PlyCount "79"]
[EventDate "1996.??.??"]
[EventType "swiss"]
[EventRounds "9"]
[EventCountry "BLR"]
[SourceTitle "EXT 2000"]
[Source "ChessBase"]
[SourceDate "1999.11.16"]
[SourceVersion "1"]
[SourceVersionDate "1999.11.16"]
[SourceQuality "1"]

1. e4 c5 2. Nf3 Nc6 3. Bb5 g6 4. Bxc6 bxc6 5. 0-0 Bg7 6. Re1 f6 7. c3 d6 8. d4 cxd4 9. cxd4 Nh6 10. Qa4 Qb6 11. Nbd2 Qa6 12. Qc2 Be6 13. b3 0-0 14. Bb2 Rfc8 15. h3 Qb7 16. e5 Bd5 17. Ne4 Nf7 18. Re3 c5 19. dxc5 fxe5 20. Ba3 Bxe4 21. Rxe4 d5 22. Ra4 e4 23. Nd4 e5 24. Ne2 Nd8 25. Rd1 Ne6 26. Qd2 Nd4 27. Nxd4 exd4 28. Rxd4 Bxd4 29. Qxd4 h5 30. Bb2 Kh7 31. b4 Rc7 32. a4 Qc6 33. Qxd5 Qxd5 34. Rxd5 a6 35. b5 axb5 36. axb5 Ra2 37. Be5 Rb7 38. c6 Rb6 39. Bc7 Ra1+ 40. Kh2 1-0

[Event "Minsk op"]
[Site "Minsk"]
[Date "1996.??.??"]
[Round "7"]
[White "Chekurov, Vyacheslav"]
[Black "Yagupov, Igor"]
[Result "1/2-1/2"]
[WhiteElo "2330"]
[BlackElo "2450"]
[PlyCount "85"]
[EventDate "1996.??.??"]
[EventType "swiss"]
[EventRounds "9"]
[EventCountry "BLR"]
[SourceTitle "EXT 2000"]
[Source "ChessBase"]
[SourceDate "1999.11.16"]
[SourceVersion "1"]
[SourceVersionDate "1999.11.16"]
[SourceQuality "1"]

1. e4 c5 2. Nf3 e6 3. c4 Nc6 4. Be2 Nf6 5. Nc3 d5 6. exd5 exd5 7. d4 cxd4 8. Nxd4 Bb4 9. 0-0 Bxc3 10. bxc3 0-0 11. Nxc6 bxc6 12. cxd5 Nxd5 13. Qd4 Qf6 14. Qxf6 Nxf6 15. Bf3 Be6 16. Be3 Bd5 17. Be2 a5 18. c4 Be4 19. f3 Bg6 20. Bd4 Rfd8 21. Rfd1 a4 22. Kf2 Nd7 23. Rd2 Nf8 24. Rad1 Ne6 25. Bc3 Rxd2 26. Rxd2 a3 27. Bd1 Kf8 28. Ke3 Bb1 29. Bb3 c5 30. Rd1 Bg6 31. g3 Ke7 32. h3 f6 33. f4 Nc7 34. g4 Bf7 35. f5 Ne8 36. Be1 Nd6 37. Rc1 h5 38. Kf3 Kd7 39. Bg3 Kc6 40. Rc3 Ra7 41. Bf4 Ra6 42. Bc1 Ra7 43. Bf4 1/2-1/2

[Event "EU-ch U20"]
[Site "Siofok"]
[Date "1996.??.??"]
[Round "7"]
[White "Macionis, Andrius"]
[Black "Chekurov, Vyacheslav"]
[Result "1/2-1/2"]
[WhiteElo "2295"]
[BlackElo "2425"]
[PlyCount "93"]
[EventDate "1996.08.??"]
[EventType "swiss"]
[EventRounds "11"]
[EventCountry "HUN"]
[SourceTitle "Juniors"]
[Source "ChessBase"]
[SourceDate "1999.07.01"]
[SourceVersion "1"]
[SourceVersionDate "1999.07.01"]
[SourceQuality "1"]

1. e4 c5 2. Nf3 e6 3. b3 a6 4. Bb2 d6 5. d4 cxd4 6. Nxd4 Nf6 7. Bd3 b6 8. 0-0 Bb7 9. Nd2 Nbd7 10. f4 g6 11. e5 dxe5 12. fxe5 Nxe5 13. Nxe6 fxe6 14. Bxe5 Bc5+ 15. Kh1 0-0 16. Qe2 Bd5 17. Rad1 Qe7 18. Bxf6 Rxf6 19. Rxf6 Qxf6 20. Ne4 Bxe4 21. Qxe4 Rf8 22. Bxa6 Qf5 23. Qxf5 exf5 24. Bb7 g5 25. g3 f4 26. Rf1 Be3 27. Bd5+ Kg7 28. Kg2 b5 29. a3 Rd8 30. Rd1 Kf6 31. Kf3 Ke5 32. c4 bxc4 33. bxc4 Rd6 34. Ra1 Rh6 35. Ra2 Bg1 36. Re2+ Kd6 37. h4 gxh4 38. gxf4 h3 39. Kg4 h2 40. Bh1 Rg6+ 41. Kf5 Rg3 42. Ra2 Kc5 43. a4 Kxc4 44. a5 Kb5 45. a6 Ba7 46. Rxh2 Kxa6 47. Rxh7 1/2-1/2